Pain and Grace;a Study of Two Mystical Writers of Eighteenth Century Muslim (Record no. 6872)
[ view plain ]
| 000 -LEADER | |
|---|---|
| fixed length control field | 00594nam a2200229 a 4500 |
| 020 ## - INTERNATIONAL STANDARD BOOK NUMBER | |
| ISBN | |
| 082 00 - DEWEY DECIMAL CLASSIFICATION NUMBER | |
| Classification number | 297.4 |
| Author Cutter | SCH |
| 100 ## - MAIN ENTRY--AUTHOR NAME | |
| Author name | Schimmel, Annemarie |
| 245 ## - TITLE STATEMENT | |
| Title | Pain and Grace;a Study of Two Mystical Writers of Eighteenth Century Muslim |
| 260 ## - PUBLICATION, DISTRIBUTION, ETC. (IMPRINT) | |
| Place of publication | Leiden |
| Name of publisher | E.J. Brill |
| Year of publication | 1976 |
| 300 ## - PHYSICAL DESCRIPTION | |
| Number of Pages | 310p |
| 500 ## - GENERAL NOTE | |
| General note | includes index and biblioraphy |
| 505 2# - FORMATTED CONTENTS NOTE | |
| Formatted contents note | bibliography |
| 942 ## - ADDED ENTRY ELEMENTS (KOHA) | |
| Koha item type | Books |
| 700 1# - | |
| -- | Schimmel, Annemarie |
| Collection code | Home library | Current library | Date acquired | Cost, normal purchase price | Full call number | Accession Number | Koha item type |
|---|---|---|---|---|---|---|---|
| Henry Martyn Institute Library | Henry Martyn Institute Library | 05/24/2005 | 0.00 | 297.4 SCH | 013990 | Books |
